| 000 | 00684cab a2200253 4500 | ||
|---|---|---|---|
| 001 | ABS54082 | ||
| 008 | 090401t1995 xxu||||| |||| 00| 0 eng d | ||
| 035 | _a(Sirsi) u8367 | ||
| 041 | _aeng | ||
| 100 | _aBell, S. | ||
| 245 | _aWorking out hourly rates | ||
| 260 | _c1995 | ||
| 350 | _a0 | ||
| 490 |
_aRIBA Journal _v102(11) November 1995, 70-73(2) |
||
| 520 | _aAn RIBA guide to calculating hourly rates for architects work. | ||
| 650 | _aARCHITECTS | ||
| 650 | _aFEE SCALES | ||
| 650 | _aFEE-EARNING HOURS | ||
| 650 | _aHOURLY RATES | ||
| 650 | _aTIME CHARGING | ||
| 690 | _aMANAGEMENT-BUSINESS MANAGEMENT-PROFESSIONAL PRACTICE | ||
| 942 | _n0 | ||
| 948 | _c04/03/1997 | ||
| 999 |
_c5144 _d5144 |
||